| 000 | 00910cam a22001814a 4500 | ||
|---|---|---|---|
| 005 | 20250605164345.0 | ||
| 008 | 250528s ||||||||||||||||||||||||d | ||
| 035 | _a23849 | ||
| 040 |
_aGR-AtMCL _bgre _dGR-AtMCL _eAACR2 |
||
| 245 | 1 | _aThe United Nations in Our Daily Lives | |
| 260 |
_aNew York, NY, _c1998 |
||
| 300 | _a106 | ||
| 520 | _aThe United Nations in Our Daily Lives: A Foreword by the Secratary-General, United Nations Secretariat, United Nations Children Fund, United Nations Conference on Trade and Development, United Nations Development Programme, United Nations Population Fund, World Food Programme, International Labour Organisation, International Civil Aviation Organization, World Bank, Universal Postal Union, International Maritime Organization, International Atomic Energy Agency. | ||
| 710 | 2 |
_aUnited Nations _99734 |
|
| 942 | _cCR | ||
| 999 |
_c8774 _d8774 |
||